| 000 | 01832nam a2200277Ia 4500 | ||
|---|---|---|---|
| 999 |
_c47163 _d47163 |
||
| 001 | 14021 | ||
| 003 | GE_BSU | ||
| 005 | 20241101174703.0 | ||
| 008 | 181216s1949||||ge |||||||||||||| ||geo|| | ||
| 040 | _cGE_BSU | ||
| 041 | _ageo | ||
| 080 | _a930.25(479.22) ც-37 | ||
| 245 |
_aცენტრალური სახელმწიფო საისტორიო არქივი ქართულ ხელნაწერთა კოლექციის აღწერილობა I = Государственные архивы грузии.Научно-справочные пособия / _b _cშედგენილია ს. კაკაბაძის და პ. გაგოშიძის მიერ, კ. კეკელიძის რედაქტორობით ; პ/მგ. რედ. : მ. გაბრიჩიძე. |
||
| 264 |
_aთბილისი : _bსაქ. სსრ. შსს საარქივო სამმართ. გამ-ბა, _c1949. |
||
| 300 |
_a301გვ. ; _c22 სმ. |
||
| 541 | _h6ლ. | ||
| 653 | _aცენტრალური სახელმწიფო საისტორიო არქივი | ||
| 653 | _a ქართულ ხელნაწერთა კოლექციის აღწერილობა I | ||
| 653 | _aГосударственные архивы грузии | ||
| 653 | _aНаучно-справочные пособия | ||
| 700 |
_aკაკაბაძე, ს. _eშემდგენელი _97524 |
||
| 700 |
_aგაგოშიძე, პ. _eშემდგენელი _923603 |
||
| 700 |
_aკეკელიძე, კ. _eრედაქტორი _93519 |
||
| 700 |
_aგაბრიჩიძე, მ. _eპ/მგ. რედაქტორი _94053 |
||
| 942 |
_cBK _2udc |
||